Temperature - Sean Paul - All Lyrics - Statistics

General Stats
  • This quiz has been taken 41 times
  • The average score is 438 of 677
Answer Stats
Answer % Correct
I
100%
Oh
97%
oh-oh
97%
(Oh-oh)
97%
oh-oh,
97%
temperature
97%
a
94%
gwaan
94%
gyal
94%
gyal,
94%
Gyal,
94%
haffi
94%
Haffi
94%
a
91%
be
91%
fi
91%
girl,
91%
girl
91%
go
91%
got
91%
right
91%
seh
91%
Suh
91%
suh
91%
to,
91%
to
91%
yo
91%
Di
88%
di
88%
the
88%
wan'
88%
When
88%
when
88%
ya
88%
you
88%
you,
88%
on
85%
from
82%
From
82%
nah
82%
can
79%
mi
79%
Mi
79%
turn
79%
wanna
79%
and
76%
And
76%
papa,
76%
give
74%
mom,
74%
Chanderpaul
71%
storm
71%
way
71%
it
68%
it,
68%
keep
68%
me,
68%
me
68%
shelter
68%
warm
68%
keepin'
65%
all
62%
All
62%
no
59%
No
59%
time
59%
Time
59%
Baby
56%
baby
56%
tactics
56%
Lord,
53%
we
53%
weh
53%
my
50%
My
50%
So
50%
cold,
47%
in
47%
inna
47%
like
47%
Well,
47%
Well
47%
dem
41%
woman,
41%
Woman,
41%
lovin'
38%
naughty
38%
Five
35%
girls
35%
girls,
35%
hear
35%
is
35%
your
35%
But
32%
million
32%
sauna
32%
want
32%
banana
29%
forty
29%
love
29%
now
29%
now,
29%
hot
26%
if
26%
man
26%
there
26%
This
26%
say
24%
shorty
24%
up
24%
crazy
21%
don't
21%
down
21%
here
21%
here,
21%
other
21%
out
21%
play
21%
with
21%
With
21%
'cause
18%
‘Cause
18%
‘cause
18%
Jamaica,
18%
Make
18%
make
18%
tan
18%
'bout
15%
brudda
15%
can't
15%
Can't
15%
Can’t
15%
Everything
15%
green
15%
how
15%
Just
15%
need,
15%
need
15%
nor
15%
not
15%
'pon
15%
see
15%
stop,
15%
fish,
12%
God
12%
performer
12%
player
12%
roll
12%
steam
12%
worthless
12%
becah
9%
bless
9%
eat
9%
floor
9%
hand
9%
impress
9%
long,
9%
remedy
9%
shady,
9%
actin'
6%
confess
6%
discover
6%
Fred
6%
lie,
6%
mattress
6%
Schillaci,
6%
set
6%
show
6%
strange
6%
talk
6%
yam
6%
blouse
3%
breakout
3%
Brigitte
3%
Bumper
3%
chest
3%
de-stress
3%
diss
3%
exposed
3%
fat
3%
fit
3%
flaunt
3%
Flavor
3%
Grady,
3%
jeans
3%
park
3%
Sanford,
3%
speed
3%
test
3%
undercover
3%
utter?
3%
wasters
3%
No matching quizzes found
Score Distribution
Percent of People with Each Score
Percentile by Number Answered
Your Score History
You have not taken this quiz